000 01954nam a2200481Ii 4500
001 DIGDYK0198
003 NyNyDIG
008 140318s2007 sp ob 000 0 spa d
006 m o d
007 cr |||||||||||
035 _a(OCoLC)888343131
040 _aDGITA
_beng
_erda
_epn
_cDGITA
020 _a9788499829005
_q(eBook)
020 _a8499829007
_q(eBook)
020 _z9788498491326
020 _z8498491320
043 _ae-sp---
050 1 4 _aHD4903.5.S7 eBook
100 1 _aRey Pérez, José Luis,
_eauthor.
245 1 3 _aEl derecho al trabajo y el ingreso básico :
_b¿cómo garantizar el derecho al trabajo? /
_cJosé Luis Rey Pérez.
264 1 _aMadrid :
_bInstituto de Derechos Humanos Bartolomé de las Casas, Universidad Carlos III de Madrid :
_bDykinson, S.L.,
_c[2007]
300 _a1 online resource (534 pages)
336 _atext
_btxt
_2rdacontent
337 _acomputer
_bc
_2rdamedia
338 _aonline resource
_bcr
_2rdacarrier
490 1 _aColección Derechos humanos y filosofía del derecho
504 _aIncludes bibliographical references (pages [487]-534).
588 0 _aOnline resource; title from ePub and PDF title page (Digitalia, viewed March 12, 2014)
650 0 _aRight to labor.
650 0 _aRight to labor
_zSpain.
650 0 _aIncome maintenance programs.
650 0 _aWelfare state.
650 0 _aMinimum wage.
650 0 _aLabor laws and legislation
_zSpain.
655 0 _aElectronic books.
791 2 _aDigitalia (Firm),
_edistributor.
776 0 8 _iPrint version:
_aRey Pérez, José Luis.
_tDerecho al trabajo y el ingreso básico.
_dMadrid : Dykinson, 2007
_z9788498491326
_w(OCoLC)216924889
830 0 _aColección Derechos humanos y filosofía del derecho.
793 0 _gDigitalia eBook Collection:
_aDykinson Editorial.
856 4 0 _3Digitalia Hispánica
_uhttps://www.digitaliapublishing.com/a/8666/
910 _aPremium Collection: 2013
942 _cRAA
999 _c231918
_d231918